Translate scientific (Latin) names of plants - Statistics

General Stats
  • This quiz has been taken 65 times
    49 since last reset
  • The average score is 40 of 120
Answer Stats
Hint Answer % Correct
Coffea sp. coffee
89%
Citrus limon (L.) Burm. lemon
87%
Pinus sp. pine
79%
Nicotiana tabacum L. tobacco
76%
Ficus carica L. fig
74%
Capsicum annuum L. pepper
71%
Pistacia vera L. pistachio
71%
Rosmarinus officinalis L. rosemary
71%
Coriandrum sativum L. coriander
68%
Carica papaya L. papaya
68%
Citrus x sinensis (L.) Osbeck sweet orange
68%
Viola sp. violet
68%
Thymus vulgaris L. thyme
66%
Cocos nucifera L. coconut
63%
Zingiber officinale Roscoe ginger
63%
Spinacia oleracea L. spinach
63%
Cucumis sativus L. cucumber
61%
Olea europea L. olive
61%
Allium cepa L. onion
61%
Origanum vulgare L. oregano
61%
Brassica oleracea L. var. italica Plenck broccoli
58%
Citrus x paradisi Macf. grapefruit
58%
Mangifera indica L. mango
58%
Brassica oleracea L. var. capitata cabbage
55%
Brassica oleracea L. var. botrytis cauliflower
55%
Durio sp. durian
55%
Allium sativum L. garlic
55%
Solanum tuberosum L. potato
55%
Helianthus annuus L. sunflower
55%
Theobroma cacao L. cacao tree
53%
Vitis vinifera L. grape vine
53%
Zea mays L. maize
50%
Citrus maxima (Burm.) Merr. pomelo
50%
Daucus carota subsp. sativus Schubl. & Martens carrot
47%
Acer sp. maple
47%
Oryza sativa L. rice
47%
Malus x domestica Borkh. apple
45%
Quercus sp. oak
45%
Prunus persica (L.) Batsch peach
45%
Cucumis melo L. melon
42%
Salvia officinalis L. sage
42%
Fragaria sp. strawberry
42%
Prunus armeniaca L. apricot
39%
Papaver somniferum L. poppy
39%
Cucurbita maxima L. pumpkin
39%
Ocimum basilicum L. basil
37%
Brassica oleracea L. var. sabauda kale
37%
Lavandula angustifolia Mill. lavender
37%
Camellia sinensis (L.) O. Kuntze tea plant
37%
Salix sp. willow
37%
Castanea sp. chestnut
34%
Ipomea batatas (L) Lam. sweet potato
34%
Solanum melongena L. aubergine/eggplant
32%
Origanum majorana L. marjoram
32%
Avena sativa L. oat
32%
Pyrus communis L. pear
32%
Triticum sp. wheat
32%
Citrus reticulata Blanco mandarin orange
29%
Juglans regia L. walnut
29%
Musa x paradisiaca L. banana
26%
Betula pendula Roth birch
26%
Anacardium occidentale L. cashew
26%
Hedera helix L. common ivy
26%
Ulmus sp. elm
26%
Corylus sp. hazel
26%
Lactuca sativa L. lettuce
26%
Beta vulgaris var. saccharifera sugar beet
26%
Vicia faba L. fava bean
24%
Pisum sativum L. pea
24%
Toxicodendron radicans (L.) Kuntze poison ivy
24%
Prunus amygdalus Batsch almond
21%
Beta vulgaris L. ssp. vulgaris var. conditiva beetroot
21%
Phaseolus vulgaris L. common bean
21%
Calendula officinalis L. marigold
21%
Morus sp. mulberry
21%
Citrullus lanatus Thunb. watermelon
21%
Alnus glutinosa (L.) Gaertn. alder
18%
Fraxinus sp. ash
18%
Persea americana Mill. avocado
18%
Gossypium sp. cotton
18%
Linum usitatissimum L. flax
18%
Actinidia sp. kiwi
18%
Allium ampeloprasum L. leek
18%
Arachis hypogaea L. peanut
18%
Lycopersicon esculentum Mill. tomato
18%
Cicer arientinum L. chickpea
16%
Aesculus hippocastanum L. horse chestnut
16%
Nelumbo nucifera Gaertn. lotus
16%
Petroselinum crispum (Mill.) Fuss parsley
16%
Rubus idaeus L. raspberry
16%
Hordeum vulgare L. barley
13%
Mahinot esculenta Crantz cassava
13%
Abies sp. fir
13%
Pastinaca sativa L. parsnip
13%
Secale cereale L. rye
13%
Picea sp. spruce
13%
Anethum graveolens L. dill
11%
Humulus lupulus L. hops
11%
Crassula ovata (Mill.) Druce money plant
11%
Carya illinoinensis (Wangenh.) K. Koch pecan
11%
Hevea brasiliensis Muell. Arg. rubber tree
11%
Medicago sativa L. alfalfa
8%
Eruca sativa Mill. arugula/rocket
8%
Beta vulgaris L. ssp. vulgaris var. cicla chard
8%
Bellis perennis L. common daisy
8%
Pseudotsuga menziesii (Mirb.) Franco Douglas fir
8%
Selenicereus sp. dragon fruit
8%
Vaccinium vitis-idaea L. lingonberry
8%
Glycine max (L.) Merr. soybean
8%
Rhus typhina L. sumac
8%
Cynara cardunculus L. var. scolymus artichoke
5%
Apium graveolens L. celery
5%
Armoracia rusticana Gaertn., Mey. & Scherb. horseradish
5%
Cydonia oblonga Mill. quince
5%
Carnegiea gigantea (Engelm.) Britt. & Rose saguaro
5%
Fagopyrum esculentum Moench buckwheat
3%
Carpinus betulus L. hornbeam
3%
Sempervivum sp. houseleek
3%
Raphanus sativus L. radish
3%
Ruta graveolens L. rue
3%
No matching quizzes found
Score Distribution
Percent of People with Each Score
Percentile by Number Answered
Your Score History
You have not taken this quiz since the last reset